000 00797nam a2200229 i 4500
001 113306
003 ES-MaACL
005 20231026143234.0
008 061121s1977 sp |||| |dspa d
020 _a84-85361-02-4
080 _a946"1931/1937"(093.32)
100 1 _aNin, Andreu.
_985748
245 1 4 _aLos problemas de la revolución española (1931-1937) /
_cAndrés Nin ; prefacio y compilación de Juan Andrade.
260 _aBarcelona :
_bRuedo Ibérico,
_c1977.
300 _a230 p. ;
_c22 cm.
651 4 _aEspaña-
_xHistoria-
_y1931-1939, II República-
_vRelatos personales.
_98290
700 1 _aAndrade, Juan,
_d1897-1981
_921511
710 2 _aÉditions Ruedo ibérico.
_9145333
852 _aES-MaACL
_jA-8429
_9117578
_cDEPO1
942 _2udc
999 _c113306
_d113306